| 000 | 00500nam a2200181 a 4500 | ||
|---|---|---|---|
| 020 | _a0697150321 (casebound) | ||
| 020 | _a069715033X (paperbound) | ||
| 040 | _cDLC | ||
| 082 | 0 | 0 | _a305 BRO 1996 A014 Or. |
| 100 | 1 | _aSantrock, John W. | |
| 245 | 1 | 0 |
_aAdolescence : _ban introduction / |
| 250 | _a6th ed. | ||
| 260 |
_aMadison : _bBrown & Benchmark, _cc1996. |
||
| 300 |
_axxvii, 628 p. : _bill. (some col.) ; _c29 cm. |
||
| 650 | 0 | _aAdolescence. | |
| 650 | 0 | _aAdolescent psychology. | |
| 942 | _cEK | ||
| 999 |
_c13422 _d13422 |
||